000 02411cam a22005414i 4500
003 PE-LiUPU
005 20250731173458.0
008 150616s1992 ilu r 000 0 eng d
020 _a0830817611
035 _a(Sirsi) i9780830817610
040 _aPE-LiUPU
_bspa
_cPE-LiUPU
_erda
049 _aPRUA
082 0 4 _a230.0904
_bG81
_221
100 1 _aGrenz, Stanley J.,
_eautor.
245 1 0 _a20th - Century Theology /
_cStanley J. Grenz.
246 3 _aTwenty - centuary theology
264 1 _aIllinois :
_bInter Varsity Press,
_c1992.
300 _a393 páginas ;
_c24 centímetros
336 _atext
_2rdacontent
337 _aunmediated
_2rdamedia
338 _avolume
_2rdacarrier
505 0 _aThe reconstruction of trascendence -- The revolt against immanence -- The deepening of immanence -- Immanence within the secular.
526 _aSEG42
526 _aSEG41
526 _aSEG40
526 _aSEG39
526 _aP94
526 _aP87
526 _aP86
526 _aP85
526 _aP77
526 _aP76
526 _aP35
650 0 4 _aTeología - historia - siglo XX.
910 _ajck
_bjvq
_cjck
942 _2ddc
_cBOOK
949 _a230.0904 G81
_wDEWEY
_c1
_i47808
_lCCODEBUL1
_mBUL
_r0
_sY
_tBOOK
_u2015-6-16
_xTEOLOGIA
_zUNKNOWN
_0COMPRA
_o.STAFF. Colección Teología
949 _a230.0904 G81
_wDEWEY
_c2
_i40164
_lCCODEBUL1
_mBUL
_r0
_sY
_tBOOK
_u2015-4-23
_xTEOLOGIA
_zUNKNOWN
_0COMPRA
_o.STAFF. Colección Teología
949 _a230.0904 G81
_wDEWEY
_c3
_i43603
_lCCODEBUL1
_mBUL
_r0
_sY
_tBOOK
_u2015-4-23
_xTEOLOGIA
_zUNKNOWN
_0COMPRA
_o.STAFF. Colección Teología
994 _aC0
_bPEPRU
596 _a1
999 _a230.0904 G81
_wDEWEY
_c57956
_i47808
_d57956
_e2017-8-25
_f2021-11-9
_g6
_lCCODEBUL1
_mBUL
_n1
_p18.00
_r0
_sY
_tBOOK
_u2015-6-16
_xTEOLOGIA
_PP35
_0COMPRA
_o.STAFF. Colección Teología
999 _a230.0904 G81
_wDEWEY
_c2
_i40164
_d2018-10-25
_e2018-4-26
_f2021-11-9
_g6
_lCCODEBUL1
_mBUL
_n6
_p12.00
_q8
_r0
_sY
_tBOOK
_u2015-4-23
_xTEOLOGIA
_PP35
_0COMPRA
_o.STAFF. Colección Teología
999 _a230.0904 G81
_wDEWEY
_c3
_i43603
_d2017-11-20
_e2017-11-17
_f2021-11-9
_g6
_lCCODEBUL1
_mBUL
_n5
_p23.00
_q2
_r0
_sY
_tBOOK
_u2015-4-23
_xTEOLOGIA
_zUNKNOWN
_0COMPRA
_o.STAFF. Colección Teología
980 _81
_gALBERTO SANCHEZ Responsable de Automatización